Регионална библиотека "Любен Каравелов" - Русе

Армия советская (Запис номер 398742)

MARC детайли
000 -Лидер
Контролно поле с фиксирана дължина nkm a22 a 4500
003 - Код на организацията, давaща контролен номер
Контролно поле BLK
005 - Дата и час на последна редакция
Контролно поле 20210217100127.0
008 - Елементи от данни с фиксирана дължина
fixed length control field 210121b bu ||||| |||| 00| 0 bu d
040 ## - Източник на каталожния запис
Идентификатор на билиотеката - собственик на записа BLK
041 ## - Код за език
Код за езика на текст/звукозапис или на отделно заглавие Руски
Код за езика КДБФ Руски
080 ## - УДК
Текстов определител УДК Въоръжени сили в цялост. Военен живот в мирно и военно време
УДК код - определител по УДК 355.1
УДК определител (47+57)(084)
УДК - код + определител 355.1(47+57)(084)
139 ## - Редно поле
Редна дума Армия советская
245 ## - Сведения за заглавието
Заглавие Армия советская
Подзаглавни данни Армия трудового народа. Всегда на страже. Патриоты и интернационалисты : Фотоальбом
Редно поле (дума) авт.-состав. Юрий Александрович Виноградов и др.; худож. Евгений Григорьевич Воронцов и др.; авт. текста, под общ. ред. на Дмитрий Антонович Волкогонов
257 ## - Страна на издаване
Страна на създаване/издаване СССР
260 ## - Област на издателските данни
Място на издаване, разпространение и проч. Москва
Име на издателя, разпространителя и проч. Планета
Година на издаване 1987
9 (RLIN) 434166
300 ## - Физическа характеристика
Страници 1 албум (232 с.)
Илюстрации и др. с цв. фотогр.
Размери/Мащаб 27 см
380 ## - Жанр
Жанр Обществени науки
500 ## - Общи забележки
Забележка Др. худож. Евгений Васильевич Хоменко. - Офс. изд. - 36 000 тир.
650 #0 - Допълнително описание по предмет – тема
9 (RLIN) 323035
Основно описание – тема или топоним Армия, съветска
651 #7 - Допълнително описание по предмет - топоним
9 (RLIN) 179592
Географско понятие СССР
653 #0 - Ключова дума – ненормативна
Ключова дума снимкови албуми
9 (RLIN) 401783
700 ## - Други автори (авторска отговорност)
9 (RLIN) 409
Лично име Виноградов, Юрий Александрович
Автороска отговорност (Описва отношението между автора и произведението) авт.-состав.
700 ## - Други автори (авторска отговорност)
9 (RLIN) 441624
Лично име Кукленко, Виктор Александрович
Автороска отговорност (Описва отношението между автора и произведението) авт.-состав.
700 ## - Други автори (авторска отговорност)
9 (RLIN) 1637
Лично име Воронцов, Евгений Григорьевич
Автороска отговорност (Описва отношението между автора и произведението) худож.
700 ## - Други автори (авторска отговорност)
9 (RLIN) 403
Лично име Волкогонов, Дмитрий Антонович
Автороска отговорност (Описва отношението между автора и произведението) авт. на текста
700 ## - Други автори (авторска отговорност)
9 (RLIN) 864
Лично име Волкогонов, Дмитрий Антонович
Автороска отговорност (Описва отношението между автора и произведението) под общ. ред. на
852 ## - Местоположение
Форматна сигнатура Цб ІІ 25837
Фондова буква Хранилище
999 ## - СИСТЕМНИ КОНТРОЛНИ НОМЕРА
Koha biblionumber 398742
Koha biblioitemnumber 398742
942 ## - АРТИКУЛИ
Вид на библиотечния материал Графични издания
Скрит в OPAC Не
Периодичен библиозапис Да
944 ## - СЪЗДАВАНЕ И РЕДАКЦИЯ на ЗАПИСА
Създаване/Редакция Създаване
Дата на регистрацията/редакция 2021-02-17
Служител, извършил регистрацията/редакцията СТ
999 ## - СИСТЕМНИ КОНТРОЛНИ НОМЕРА
Koha biblioitemnumber 398734
999 ## - СИСТЕМНИ КОНТРОЛНИ НОМЕРА
Koha biblioitemnumber 398734
999 ## - СИСТЕМНИ КОНТРОЛНИ НОМЕРА
Koha biblioitemnumber 398731
999 ## - СИСТЕМНИ КОНТРОЛНИ НОМЕРА
Koha biblioitemnumber 398731
Наличности
Код за отписване Код за изгубен артикул Източник на класификационната схема Код за повреда Коз за рестрикции Код за отдаване Артикулен № Име на библиотеката - собственик Име на библиотеката, в която се намира в момента Статус (Текущо местоположение) Дата на вписване в системата Местоположение - отдел Цена в лева Инвентарен номер Систематично азбучна сигнатура Баркод Цена в евро Служебен тип на артикула
  Не е изгубен Universal Decimal Classification Не е повреден само за читалня ползва се в читалня 812822 Регионална библиотека "Любен Каравелов" Русе Регионална библиотека "Любен Каравелов" Русе Хранилище 2021-02-18 Основен фонд - ползва се само за читалня 7.76 493184 Цб ІІ 25837 120000493184 3.97 Графични издания
Vip Innovations Ltd, Rousse, Bulgaria 2025